عرض عادي
عرض مارك
- International General Certificate of Secondary Education
مدخل مصطلح موضوعي
001 - رقم الضبط
- حقل الضبط: 40839
003 - معرف رقم الضبط
- حقل الضبط: OSt
005 - تاريخ ووقت أخر عملية
- حقل الضبط: 20131211195823.0
008 - عناصر بيانات ثابتة الطول
- حقل تحكم ثابت الطول: 131211|||a|||||| | ||| d
040 ## - مصدر الفهرسة
- هيئة الفهرسة الأصلية: OSt
- وكالة الكتابة: OSt
150 ## - مدخل-- مصطلح تاريخي
- عنصر مدخل المصطلح الموضوعي او الاسم الجغرافي: International General Certificate of Secondary Education
- تفريع شكلي: Study guides.
670 ## - بيانات المصدر موجوده
- الاستشهاد بالمصدر: Work cat.: (OSt)0: Duncan, Tom 40837, IGCSE Physics /, 2002-
